000 00499nam a22001457a 4500
082 _a621.39
100 _aWahid, Kafeel
245 _aRotational invarian local features for texture classification, A comparative study /
_cKafeel Wahid.
260 _aIslamabad:
_bCEME - NUST,
_c2012.
300 _a59p.: ill.;
_c30cm.
650 _aComputer Engineering - MS Theses.
_934671
700 _aSup: Dr. Arslan Shaukat.
_934672
942 _2ddc
_cTHE
999 _c540738
_d540738